| 000 | 01216nam a22002531a 4500 | ||
|---|---|---|---|
| 003 | AM-YEHGA | ||
| 001 | 1425781 | ||
| 005 | 20250617164514.0 | ||
| 008 | 181126s1962 ru d|||frf|||u000|||rus|| | ||
| 040 | _aAM-YeHGA | ||
| 041 | 0 | _arus | |
| 044 | _aru | ||
| 100 | 1 | _aЭтерлей, Николай Семенович | |
| 245 | 1 | 0 |
_aЭлектрические станции, подстанции, линии и сети : _b[Учеб. пособие для сел. проф.-техн. училищ] / _cН. С. Этерлей. |
| 260 |
_aМосква : _bПрофтехиздат, _c1962. |
||
| 300 |
_a240 с. : _bил. ; _c22 см. |
||
| 500 | _aИзд. 2-е перераб. вышло под загл.: Трансформаторы и электрические машины. | ||
| 650 | 1 | 4 |
_aЭлектрические станции _vУчебники и пособия. |
| 650 | 1 | 4 |
_aЭлектрические подстанции _vУчебники и пособия. |
| 650 | 1 | 4 |
_aЭлектрические линии передачи _vУчебники и пособия. |
| 650 | 1 | 4 |
_aЭлектрические сети _vУчебники и пособия. |
| 942 |
_2udc _cBK |
||
| 090 | _c532649 | ||
| 999 |
_c525439 _d525439 |
||